Normal view
MARC view
Entry Personal Name
001 - CONTROL NUMBER
- control field: 1104882
003 - CONTROL NUMBER IDENTIFIER
- control field: OSt
005 - DATE AND TIME OF LATEST TRANSACTION
- control field: 20260123122729.0
008 - FIXED-LENGTH DATA ELEMENTS
- fixed length control field: 260123|| aca||aabn | a|a d
040 ## - CATALOGING SOURCE
- Original cataloging agency: OSt
- Transcribing agency: OSt
100 ## - HEADING--PERSONAL NAME
- Personal name: Rebecca L. Toporek
670 ## - SOURCE DATA FOUND
- Source citation: Work cat.: (OSt)1670118: Rebecca L. Toporek, Handbook Social Justice in Counseling Psychology: Leadership, Vision, and Action
